[Event "Paracin Orbis FM 02"]
[Site "Paracin"]
[Date "2022.01.31"]
[Round "1"]
[White "Cvetanovic, Uros"]
[Black "Khalifah, Khaled"]
[Result "1/2-1/2"]
[WhiteElo "2248"]
[BlackElo "1909"]
[PlyCount "37"]
[EventDate "2022.01.31"]
[EventType "tourn"]
[EventRounds "9"]
[EventCountry "SRB"]
[SourceTitle "EXT 2023"]
[Source "ChessBase"]
[SourceDate "2022.10.05"]
[SourceVersion "1"]
[SourceVersionDate "2022.10.05"]
[SourceQuality "1"]

1. Nf3 d5 2. b3 c5 3. Bb2 f6 4. e3 e5 5. d4 cxd4 6. exd4 e4 7. Nfd2 f5 8. c4 Na6 9. Nc3 Nf6 10. cxd5 Nc7 11. Bc4 Bd6 12. a3 0-0 13. b4 e3 14. fxe3 Ng4 15. Nf1 f4 16. e4 Ne3 17. Nxe3 fxe3 18. g3 Qg5 19. e5 1/2-1/2

[Event "Paracin Orbis FM 01"]
[Site "Paracin"]
[Date "2022.01.27"]
[Round "5"]
[White "Mohamed, Saeed Laily"]
[Black "Khalifah, Khaled"]
[Result "1/2-1/2"]
[WhiteElo "2055"]
[BlackElo "1909"]
[PlyCount "43"]
[EventDate "2022.01.24"]
[EventType "tourn"]
[EventRounds "9"]
[EventCountry "SRB"]
[SourceTitle "EXT 2023"]
[Source "ChessBase"]
[SourceDate "2022.10.05"]
[SourceVersion "1"]
[SourceVersionDate "2022.10.05"]
[SourceQuality "1"]

1. d4 d5 2. Bf4 c5 3. dxc5 Nc6 4. Nf3 e6 5. e3 Bxc5 6. Bd3 Nf6 7. 0-0 0-0 8. Nc3 Nb4 9. Be2 b6 10. a3 Nc6 11. Bd3 Bb7 12. e4 dxe4 13. Nxe4 Nd4 14. Bg5 Bxe4 15. Bxe4 Rc8 16. c3 Nxf3+ 17. Qxf3 Be7 18. Rad1 Qe8 19. Bc2 h6 20. Bc1 Rd8 21. h3 Rxd1 22. Rxd1 1/2-1/2

[Event "Paracin Orbis FM 01"]
[Site "Paracin"]
[Date "2022.01.25"]
[Round "3"]
[White "Ivic, Matija"]
[Black "Khalifah, Khaled"]
[Result "1-0"]
[WhiteElo "2258"]
[BlackElo "1909"]
[PlyCount "28"]
[EventDate "2022.01.24"]
[EventType "tourn"]
[EventRounds "9"]
[EventCountry "SRB"]
[SourceTitle "EXT 2023"]
[Source "ChessBase"]
[SourceDate "2022.10.05"]
[SourceVersion "1"]
[SourceVersionDate "2022.10.05"]
[SourceQuality "1"]

1. c4 e5 2. Nc3 Nc6 3. Nf3 d6 4. d4 exd4 5. Nxd4 Nxd4 6. Qxd4 Nf6 7. g3 Be7 8. Bg2 0-0 9. 0-0 c5 10. Qd3 a6 11. Rd1 Qc7 12. Bg5 Be6 13. f4 Qc8 14. Ne4 Qd8 1-0

[Event "Paracin op 01"]
[Site "Paracin"]
[Date "2022.01.22"]
[Round "8"]
[White "Khalifah, Khaled"]
[Black "Ivic, Matija"]
[Result "1-0"]
[WhiteElo "1909"]
[BlackElo "2258"]
[PlyCount "32"]
[EventDate "2022.01.17"]
[EventType "swiss"]
[EventRounds "9"]
[EventCountry "SRB"]
[SourceTitle "CBM 206 Extra"]
[Source "ChessBase"]
[SourceDate "2022.03.31"]
[SourceVersion "1"]
[SourceVersionDate "2022.03.31"]
[SourceQuality "1"]

1. d4 Nf6 2. Bg5 c5 3. d5 Qb6 4. Nc3 Qxb2 5. Bd2 Qb6 6. Rb1 Qc7 7. e4 d6 8. Bd3 g6 9. f4 Bg7 10. Nf3 0-0 11. 0-0 e6 12. dxe6 fxe6 13. Bc4 d5 14. exd5 Nxd5 15. Nxd5 exd5 16. Bxd5+ Kh8 1-0

[Event "Djenovici TS12 FM 3rd"]
[Site "Djenovici"]
[Date "2021.12.20"]
[Round "2"]
[White "Lakusic, Zoran"]
[Black "Khalifah, Khaled"]
[Result "0-1"]
[WhiteElo "1678"]
[BlackElo "1832"]
[PlyCount "41"]
[EventDate "2021.12.18"]
[EventType "tourn"]
[EventRounds "7"]
[EventCountry "MNE"]
[SourceTitle "EXT 2023"]
[Source "ChessBase"]
[SourceDate "2022.10.05"]
[SourceVersion "1"]
[SourceVersionDate "2022.10.05"]
[SourceQuality "1"]

1. Nf3 d5 2. c4 d4 3. g3 c5 4. d3 Nc6 5. Bg2 e5 6. 0-0 Be7 7. Qa4 Bd7 8. Qb3 Nf6 9. Bg5 0-0 10. Na3 Rb8 11. Qd1 b6 12. Bxf6 Bxf6 13. Nb5 Be7 14. Re1 a6 15. Na3 f5 16. e3 Bf6 17. Rb1 Re8 18. exd4 cxd4 19. Nd2 Nb4 20. Bd5+ Nxd5 21. cxd5 0-1

[Event "Online Olym Div3 C"]
[Site "Chess.com INT"]
[Date "2021.08.27"]
[Round "3.2"]
[White "Khalifah, Khaled"]
[Black "Pokotaiev, Vladyslav"]
[Result "1/2-1/2"]
[WhiteElo "1860"]
[BlackElo "1839"]
[PlyCount "44"]
[EventDate "2021.08.27"]
[EventType "team-tourn (rapid)"]
[EventRounds "9"]
[EventCountry "USA"]
[SourceTitle "CBM 204 Extra"]
[Source "ChessBase"]
[SourceDate "2021.11.30"]
[SourceVersion "1"]
[SourceVersionDate "2021.11.30"]
[SourceQuality "1"]
[WhiteTeam "United Arab Emirates"]
[BlackTeam "ICCD"]
[WhiteTeamCountry "UAE"]

1. d4 d5 2. Bf4 Nf6 3. Nf3 c5 4. e3 Nc6 5. Nc3 a6 6. dxc5 e6 7. Bd3 Bxc5 8. 0-0 0-0 9. a3 b5 10. e4 d4 11. e5 Nxe5 12. Bxe5 dxc3 13. Bxc3 Bb7 14. b4 Be7 15. Be5 Rc8 16. Qe2 Nd7 17. Bb2 Bf6 18. Bxf6 Qxf6 19. Be4 Bxe4 20. Qxe4 Qc3 21. Rfc1 Nf6 22. Qb7 Ra8 1/2-1/2

[Event "Paracin Winter op"]
[Site "Paracin"]
[Date "2019.02.02"]
[Round "4"]
[White "Khalifah, Khaled"]
[Black "Ilic, Vladan"]
[Result "0-1"]
[WhiteElo "1766"]
[BlackElo "2106"]
[PlyCount "71"]
[EventDate "2019.01.31"]
[EventType "swiss"]
[EventRounds "9"]
[EventCountry "SRB"]
[SourceTitle "CBM 188 Extra"]
[Source "ChessBase"]
[SourceDate "2019.02.26"]
[SourceVersion "1"]
[SourceVersionDate "2019.02.26"]
[SourceQuality "1"]

1. d4 d5 2. Nf3 Bf5 3. c4 e6 4. Nc3 c6 5. Qb3 b6 6. Bf4 Bd6 7. Bxd6 Qxd6 8. e3 Ne7 9. Be2 Nd7 10. Rc1 0-0 11. 0-0 f6 12. cxd5 exd5 13. e4 Be6 14. exd5 Nxd5 15. Bc4 Bf7 16. Nxd5 Bxd5 17. Bxd5+ cxd5 18. Rc3 Rac8 19. Rfc1 Rxc3 20. Qxc3 Rf7 21. b4 Nf8 22. b5 g6 23. Qb3 Kg7 24. Rc6 Rc7 25. Rxc7+ Qxc7 26. g3 Qd7 27. Kg2 Ne6 28. a4 g5 29. Qc3 h5 30. Nd2 h4 31. Nf1 h3+ 32. Kf3 g4+ 33. Ke2 a6 34. Ne3 axb5 35. Qb4 f5 36. Qb1 0-1

[Event "UAE President Cup U14"]
[Site "Ajman"]
[Date "2019.01.09"]
[Round "9"]
[White "Abdulrahman Mohammad, Al Taher"]
[Black "Khalifah, Khaled"]
[Result "1-0"]
[WhiteElo "1508"]
[BlackElo "1766"]
[PlyCount "41"]
[EventDate "2019.01.02"]
[EventType "swiss"]
[EventRounds "9"]
[EventCountry "UAE"]
[SourceTitle "CBM 188 Extra"]
[Source "ChessBase"]
[SourceDate "2019.02.26"]
[SourceVersion "1"]
[SourceVersionDate "2019.02.26"]
[SourceQuality "1"]

1. d4 d5 2. Nf3 Nf6 3. e3 Bf5 4. c4 e6 5. Qb3 Nc6 6. c5 a5 7. Bb5 Nd7 8. Bxc6 bxc6 9. Qb7 f6 10. Qxc6 g5 11. Nc3 Qc8 12. Nb5 Kd8 13. Nxc7 Rb8 14. Nxe6+ Bxe6 15. Qxe6 Bxc5 16. dxc5 Qxc5 17. 0-0 Rb6 18. Qf5 h5 19. Rd1 Rd6 20. b3 Qc3 21. Ba3 1-0